000 00964nas a2200289 4500
001 BR8402453
003 BR-BrBNA
005 20231205085914.0
007 ta
008 230509b bl.|||p| |||| 00| 00por d
040 _aBR-BrBNA
_bpor
_cBiblioteca Nacional de Agricultura
041 _a(Pt)
072 _aF00
100 1 _aReghin, M.Y.
100 1 _aFluminhan, E.S.
245 1 _aComportamento de cultivares de alface (Lactuca sativa L.)na semeadura de maio, em Bandeirantes, Parana [Brasil]
246 1 _a[Behavior of lettuce cultivars (Lactuca sativa L.)in the seeding period of may, in Bandeirantes, Parana [Brazil]]
650 _aALFACE
650 _aCOMPORTAMENTO DE VARIEDADE
650 _aSEMEADURA
650 _aCALENDARIO AGRICOLA
650 _aBANDEIRANTES
650 _aPARANÁ
773 0 _tPoliagro (Brazil)
_xISSN 0100-3461
_g(1983), v. 5(2) p. 64-75
_wBR8402453
909 _a202311
_bLúcia
_c55
_dLúcia Elande
942 _2AGRIS
_n0
_cANA
999 _c114678
_d114678